Autoexposición sistemática /

保存先:
書誌詳細
第一著者: Hartmann, Nicolai (autor)
フォーマット: 図書
言語:スペイン語
シリーズ:(Cuadernos del Centro de Estudios Filosóficos ; 19)
主題:
タグ: タグ追加
タグなし, このレコードへの初めてのタグを付けませんか!

MARC

LEADER 00000nam^a2200000^a^4500
001 000182876
005 20250521000000.0
009 20260310102020.977
037 |a Acervo ITESO - Biblioteca 
041 |a ESP 
082 |a 142. 7  |b HAR 
100 |a Hartmann, Nicolai  |e (autor) 
245 1 0 |a Autoexposición sistemática /  |c N. Hartmann ; tr. por Bernabé Navarro. 
264 |a México :  |b UNAM, Centro de Estudios Filosóficos,  |c 1941 
300 |a 78 p. 
336 |a texto  |b txt  |2 rdacontenido 
337 |a sin mediación  |b n  |2 rdamedio 
338 |a volumen  |b nc  |2 rdasoporte 
440 1 |a (Cuadernos del Centro de Estudios Filosóficos ;  |v 19) 
500 |a Traducción de: Systematische Selbstdarstellung 
649 |a XX 
650 |a Conciencia 
650 |a Metafísica 
650 |a Fenomenología 
650 |a Filosofía Alemana 
650 |a Filosofía del Siglo XX 
910 |a Fondo Armando Suárez Gómez 
920 |a Impresos - Libros 
930 |a Fondos Especiales 
905 |a 111 
901 |a 0700000160  |b IT2  |c ESP  |u 20250521 
902 |a https://opac.biblio.iteso.mx/vufind/Record/000182876